La política exterior estadounidense hacia El Salvador: una causa sustancial en la prolongación de violaciones a los derechos humanos en los ochenta y los noventa /
En este trabajo se argumentará que la política exterior estadounidense hacia El Salvador ha sido de naturaleza expansionista hegemónica y agresiva, con la cual se prolongaron las violaciones a los derechos humanos durante el conflicto interno en El Salvador en la década de los 80 y principalmente de...
Wedi'i Gadw mewn:
| Prif Awdur: | |
|---|---|
| Fformat: | Texto |
| Pynciau: | |
| Tagiau: |
Ychwanegu Tag
Dim Tagiau, Byddwch y cyntaf i dagio'r cofnod hwn!
|
MARC
| LEADER | 00000 a a2200000 04500 | ||
|---|---|---|---|
| 001 | 43940 | ||
| 003 | |||
| 040 | |||
| 100 | |a Moreno, Rafael | ||
| 245 | |a La política exterior estadounidense hacia El Salvador: |b una causa sustancial en la prolongación de violaciones a los derechos humanos en los ochenta y los noventa / |c Rafael Moreno | ||
| 520 | |a En este trabajo se argumentará que la política exterior estadounidense hacia El Salvador ha sido de naturaleza expansionista hegemónica y agresiva, con la cual se prolongaron las violaciones a los derechos humanos durante el conflicto interno en El Salvador en la década de los 80 y principalmente de los 90. | ||
| 590 | |a SJB/NOVIEMBRE2012 | ||
| 650 | |a POLITICA EXTERIOR | ||
| 650 | |a POLITICA INTERNACIONAL | ||
| 650 | |a NEGOCIACIONES INTERNACIONALES | ||
| 650 | |a DERECHOS HUMANOS | ||
| 650 | |a EL SALVADOR | ||
| 650 | |a ESTADOS UNIDOS | ||
| 773 | |g volumen67, número728 (2012), páginas 113-133 | ||
| 999 | |c 39350 |d 39350 | ||
